Población, desarrollo rural y migraciones internas en Centroamérica
Đã lưu trong:
| Định dạng: | Texto |
|---|---|
| Các nhãn: |
Thêm thẻ
Không có thẻ, Là người đầu tiên thẻ bản ghi này!
|
MARC
| LEADER | 00000 a a2200000 04500 | ||
|---|---|---|---|
| 001 | 7799 | ||
| 003 | |||
| 040 | |||
| 245 | |a Población, desarrollo rural y migraciones internas en Centroamérica | ||
| 773 | |g número 13; páginas 173-188 | ||
| 999 | |c 31010 |d 31010 | ||
